00983nas a2200241Ia 4500001001100000003000900011008004100020040001300061040001300074041001300087100003800100210002100138222002100159245009900180250001100279260003600290501008600326300001000412310001200422362003500434500023600469650003600705R022/42841IT-RoPAU151124c99999999xx |||||||||||| ||und|| aIT-RoPAU cIT-RoPAU aITALIANO aAA.VV. gCodice Aut. SPICS: 12000 aINFORMAZIONI MCS aInformazioni Mcs aINFORMAZIONI MCS, ANNO 03-N.02 (FEBBRAIO 1960)bInformazioni Mcs, Anno 03-N.02 (Febbraio 1960) a1a ed. aVICENZAbINFORMAZIONI MCSc1960 bPaulus - SPICS - Società San Paolo EM (non-commercial uses only)cCopyright2015 a20 p. aMENSILE aANNO 003, N.02 (FEBBRAIO 1960) aBollettino della Commissione Regionale Dello Spettacolo per le Diocesi Venete. Conoscenza Delle Leggi. Corso di Cultura Cinematografica. Selezione Stampa. Schede Film Ammessi Alla Programmazione Nelle Sale Cattoliche della Regione. aCINEMAvPUBBLICAZIONE PERIODICA